[Event "Canadian op"]
[Site "Edmonton"]
[Date "2005.07.14"]
[Round "7"]
[White "Rajski, Piotr"]
[Black "Baser, Arthur"]
[Result "1-0"]
[WhiteElo "1746"]
[BlackElo "1560"]
[PlyCount "29"]
[EventDate "2005.07.09"]
[EventType "swiss"]
[EventRounds "10"]
[EventCountry "CAN"]
[SourceTitle "CBM 107 Extra"]
[Source "ChessBase"]
[SourceDate "2005.09.01"]
[SourceVersion "1"]
[SourceVersionDate "2005.09.01"]
[SourceQuality "1"]

1. e4 c5 2. Nf3 Nc6 3. d4 cxd4 4. Nxd4 d6 5. Nc3 Nf6 6. Bg5 e6 7. Be2 Be7 8. Qd2 a6 9. f4 b5 10. Nxc6 Qc7 11. Nxe7 Qxe7 12. e5 dxe5 13. fxe5 Qd7 14. exf6 Qxd2+ 15. Kxd2 1-0